MARC

LEADER 00000nam0a2200000 4500
001 357453
005 20240227144135.0
035 |a (RuTPU)RU\TPU\retro\14721 
090 |a 357453 
100 |a 20200805d1924 km y0rusy50 ca 
101 0 |a rus 
102 |a RU 
105 |a a i 000zy 
181 0 |b  e  
182 0 |a n 
183 0 |a nc  |2 RDAcarrier 
200 1 |a Экономический и статический обзор Томской губернии.  |e памятка делегатам IV губсъезда советов.  |f Томский губернский исполнительный комитет 
210 |a Томск  |c [Б. и.]  |d 1924 
215 |a 280, XII, IV с.  |c табл. 
283 |a volume 
300 |a Раздельная пагинация страниц  
320 |a Постраничные примечания 
606 1 |a Экономическая история  |y Россия  |y СССР  |2 stltpush  |3 (RuTPU)RU\TPU\subj\26579  |9 50474 
606 1 |a Социально-экономическая статистика  |2 stltpush  |3 (RuTPU)RU\TPU\subj\36968  |9 58154 
610 1 |a экономические показатели 
610 1 |a статистические показатели 
610 1 |a Томская губерния 
610 1 |a территориальное размещение 
610 1 |a население 
610 1 |a города 
610 1 |a сельское хозяйство 
610 1 |a промышленность 
610 1 |a бюджет 
610 1 |a коммунальное хозяйство 
610 1 |a кооперация 
610 1 |a образование 
610 1 |a здравоохранение 
610 1 |a пути сообщения 
610 1 |a благосостояние 
610 1 |a труд 
610 1 |a милиция 
610 1 |a прокуратура 
610 1 |a государственная статистика 
686 |a У03(2)  |2 rubbk 
686 |a У051  |2 rubbk 
712 0 2 |a Томский губернский исполнительный комитет  |3 (RuTPU)RU\TPU\col\27608 
801 1 |a RU  |b 63413507  |c 20200805 
801 2 |a RU  |b 63413507  |c 20201009  |g RCR 
942 |c BK